Banijya bichinta (Record no. 8501)

MARC details
000 -LEADER
fixed length control field 00467cam a2200193ua 4500
001 - CONTROL NUMBER
control field 9460
005 - DATE AND TIME OF LATEST TRANSACTION
control field 20260515114453.0
008 - FIXED-LENGTH DATA ELEMENTS--GENERAL INFORMATION
fixed length control field 150916n ii |||gr||||Z||||||ben
040 ## - CATALOGING SOURCE
Transcribing agency MAIN
041 ## - LANGUAGE CODE
Language code of text/sound track or separate title ben
082 ## - DEWEY DECIMAL CLASSIFICATION NUMBER
Classification number 651.7
100 ## - MAIN ENTRY--PERSONAL NAME
Personal name Acharya, P.,
Relator term Author.
245 1# - TITLE STATEMENT
Title Banijya bichinta
Statement of responsibility, etc. by P Acharya
250 ## - EDITION STATEMENT
Edition statement 5th ed.
260 ## - PUBLICATION, DISTRIBUTION, ETC.
Place of publication, distribution, etc. Calcutta:
Name of publisher, distributor, etc. Rabindra library,
Date of publication, distribution, etc. 1969.
653 ## - INDEX TERM--UNCONTROLLED
Uncontrolled term Office services
653 ## - INDEX TERM--UNCONTROLLED
Uncontrolled term Commercial correspondence
942 ## - ADDED ENTRY ELEMENTS (KOHA)
Koha item type Books
Holdings
Withdrawn status Lost status Damaged status Not for loan Home library Current library Shelving location Date acquired Total checkouts Full call number Barcode Date last seen Copy number Price effective from Koha item type
        Naharkatiya College Library Naharkatiya College Library General stacks 09/19/2020   651.7 | ACH 16969 09/19/2020 1 09/19/2020 Books